Central Library OPAC University of Rajshahi

Social intelligence for America's future : (Record no. 34429)

MARC details
000 -LEADER
fixed length control field 00795nam a2200253 4500
001 - CONTROL NUMBER
control field 34429
003 - CONTROL NUMBER IDENTIFIER
rucl marc code BD-RjUL
005 - DATE AND TIME OF LATEST TRANSACTION
control field 20211209052146.0
008 - FIXED-LENGTH DATA ELEMENTS--GENERAL INFORMATION
fixed length control field 140517s1969 enka bs 001 0 eng d
035 ## - SYSTEM CONTROL NUMBER
System control number (BD-RjUL)34523
040 ## - CATALOGING SOURCE
Original cataloging agency DLC
Transcribing agency DLC
Modifying agency DLC
Language of cataloging eng
041 ## - LANGUAGE CODE
Language code of text/sound track or separate title eng
082 00 - DEWEY DECIMAL CLASSIFICATION NUMBER
Classification number 309.173
Author mark and year SOC 1969
245 10 - TITLE STATEMENT
Title Social intelligence for America's future :
Remainder of title explorations in societal problems /
Statement of responsibility, etc. Bertram M. Gross, editor.
260 ## - PUBLICATION, DISTRIBUTION, ETC. (IMPRINT)
Place of publication, distribution, etc. Boston :
Name of publisher, distributor, etc. Allyn and Bacon,
Date of publication, distribution, etc. 1969.
300 ## - PHYSICAL DESCRIPTION
Pagination xxxv, 541 p.
Size 24 cm.
504 ## - BIBLIOGRAPHY, ETC. NOTE
Bibliography, etc Bibliographical footnotes.
651 #0 - SUBJECT ADDED ENTRY--GEOGRAPHIC NAME
Geographic name United States
General subdivision Social conditions
Chronological subdivision 1960-1980.
9 (RLIN) 6749
Geographic name United States
General subdivision Social policy.
9 (RLIN) 104688
700 1# - ADDED ENTRY--PERSONAL NAME
Personal name Gross, Bertram Myron,
942 ## - ADDED ENTRY ELEMENTS (KOHA)
Source of classification or shelving scheme Dewey Decimal Classification
Koha item type Books
Holdings
Lost status Source of classification or shelving scheme Damaged status Not for loan Collection code Permanent Location Current Location Shelving location Date acquired Source of acquisition Total Checkouts Full call number Date last seen Copy number Koha item type
  Dewey Decimal Classification   Not For Loan Non-fiction Central Library, University of Rajshahi Central Library, University of Rajshahi Reading Room 29/03/1977 Lions International   309.173 SOC 1969 17/05/2014 C-1 Books